Elements of quantity surveying.

Bibliographic Details
Main Author: Willis, Arthur James
Format: Book
Language:English
Published: London : C. Lockwood & Son, 1948.
Edition:4th ed., rev.
Subjects:

MARC

Tag First Indicator Second Indicator Subfields
LEADER 00000cam a2200000I 4500
001 in00000031647
005 20151007061744.0
008 800630s1948 enka 000 0 eng d
035 |a (OCoLC)06472475 
035 |9 AAD2966AM 
040 |a TXA  |c TXA  |d UtOrBLW 
049 |a TXAM 
050 4 |a TH846  |b W73 
092 |a 692.5  |b W734e4 
100 1 |a Willis, Arthur James. 
245 1 0 |a Elements of quantity surveying. 
250 |a 4th ed., rev. 
264 1 |a London :  |b C. Lockwood & Son,  |c 1948. 
300 |a xi, 287 pages :  |b illustrations ;  |c 25 cm. 
336 |a text  |b txt  |2 rdacontent 
337 |a unmediated  |b n  |2 rdamedia 
338 |a volume  |b nc  |2 rdacarrier 
650 0 |a Building  |x Estimates. 
740 0 |a Quantity surveying. 
949 |a updated  |b h  |c 2004/11/12  |e pbump 
994 |a E0  |b TXA 
999 |a MARS 
999 f f |s 8fd96557-ccca-3fbc-aabd-6af575dfa60a  |i 3c69bafa-733e-3ef8-9b8a-9a7408695629  |t 0 
952 f f |p ric  |a Texas A&M University  |b Rellis Campus  |c Joint Library Facility  |d Remote Storage  |t 0  |e TH846 W73  |h Library of Congress classification  |i unmediated -- volume  |m A14801139249 
998 f f |a TH846 W73  |t 0  |l Remote Storage